[Event "FSGM September"]
[Site "Budapest HUN"]
[Date "2004.09.08"]
[Round "5"]
[White "Nguyen Ngoc Truongson"]
[Black "Meszaros,T"]
[Result "1-0"]
[WhiteElo "2466"]
[BlackElo "2346"]

1.d4 Nf6 2.Bg5 e6 3.e4 h6 4.Bxf6 Qxf6 5.Nc3 Bb4 6.e5 Qe7 7.Qg4 Qg5 8.Qe4 d5
9.exd6 Bxc3+ 10.bxc3 cxd6 11.Bd3 d5 12.Qf3 O-O 13.Nh3 Qd8 14.O-O Nd7 15.Nf4 Nf6
16.Rae1 Bd7 17.Re5 Rc8 18.Nh5 Nxh5 19.Rxh5 f5 20.g4 Be8 21.Rh3 Qg5 22.Rg3 f4
23.Rg2 Bg6 24.h4 Be4 25.Bxe4 dxe4 26.Qxe4 Qd5 27.Qd3 Qc4 28.Qg6 Rf6 29.Qh5 Qe2
30.f3 Qe3+ 31.Kh1 Rxc3 32.g5 Rf5 33.Qe8+ Rf8 34.Qd7 h5 35.d5 exd5 36.Qxd5+ Kh8
37.Qxb7 g6 38.Qa6 Qb6 39.Qxb6 axb6 40.Rd2 Rfc8 41.Rff2 R8c7 42.Rd4 Rxc2 43.Rxc2 Rxc2
44.a4 Kg7 45.Rd7+ Kf8 46.Rd6 Rc4 47.Rxb6 Rxa4 48.Rxg6 Ra1+ 49.Kg2 Ra2+ 50.Kf1 Ra1+
51.Ke2 Ra2+ 52.Kd3 Rh2 53.Rf6+ Ke7 54.Rxf4 Ke6 55.Ke3 Rh1 56.Kf2 Ke5 57.Rf8 Ra1
58.Kg3 Rg1+ 59.Kh2 Ra1 60.Kg3 Rg1+ 61.Kh2 Ra1 62.g6 Ra7 63.Kg3 Ra6 64.f4+ Ke4
65.f5 Ra3+ 66.Kf2 Ra2+ 67.Ke1 Ra1+ 68.Kd2 Ra2+ 69.Kc3 Rg2 70.f6 Rxg6 71.Re8+  1-0

[Event "TCh-CRO"]
[Site "Rabac CRO"]
[Date "2004.09.08"]
[Round "4"]
[White "Cebalo,M"]
[Black "Mohr,G"]
[Result "0-1"]
[WhiteElo "2527"]
[BlackElo "2444"]

1.d4 Nf6 2.Bg5 e6 3.Nd2 c5 4.e3 b6 5.Ngf3 Be7 6.c3 cxd4 7.exd4 Ba6 8.Bxa6 Nxa6
9.Bxf6 Bxf6 10.Ne4 O-O 11.Qd3 Nc7 12.g3 Be7 13.O-O d5 14.Ned2 Bd6 15.a4 a5
16.Rfe1 f6 17.Re2 Qd7 18.b3 Rfb8 19.c4 Bb4 20.Nf1 dxc4 21.bxc4 e5 22.d5 Na6
23.Nh4 Rc8 24.Ng2 Rc7 25.h4 Rac8 26.Nfe3 Nc5 27.Qc2 Nb7 28.Qd3 Nd6 29.Rc2 Bc5
30.Kh2 f5 31.f4 e4 32.Qe2 g6 33.Raa2 h5 34.Rc1 Bb4 35.Raa1 Kf7 36.Kh3 Rc5
37.Rc2 R5c7 38.Rcc1 Nb7 39.Qa2 Nc5 40.Ne1 Qxa4 41.Qxa4 Nxa4 42.d6 Rb7 43.Rxa4 Bd2
44.Rb1 Bxe3 45.Nc2 Bc5 46.Rxa5 Rd7 47.Ra6 Re8 48.Nb4 e3 49.Nd3 Rxd6 50.Nxc5 e2
51.Ra7+ Kg8 52.Re1 Rd1 53.Nd3 Rxd3 54.Kg2 Rd2 55.Rb7 Re6 56.Kf2 Rc2 57.Rc7 Kf8
58.Rd7 Ke8 59.Rd4 Ke7 60.Kf3 Kf6 61.Rd7 Rxc4 62.Rxe2 Rc3+ 63.Kf2 Rxe2+ 64.Kxe2 Rxg3
65.Rd6+ Kg7 66.Rxb6 Rg4 67.Kf3 Rxh4 68.Rb7+ Kh6 69.Rb8 Rg4 70.Rh8+ Kg7 71.Ra8 h4
72.Rb8 Rg3+ 73.Kf2 Ra3 74.Kg2 h3+ 75.Kh2 Rf3 76.Rb4 Kh6 77.Ra4 Kh5 78.Rb4 Kh4
79.Rb6 Rg3 80.Ra6 Rg2+ 81.Kh1 Rg4 82.Kh2 Kh5 83.Ra4 g5  0-1

[Event "zt2.3.c2"]
[Site "San Jose CRC"]
[Date "2004.09.09"]
[Round "6"]
[White "Lievano,J"]
[Black "Guillen Ramirez,J"]
[Result "0-1"]
[WhiteElo "2172"]
[BlackElo "2301"]

1.d4 Nf6 2.Bg5 e6 3.Nd2 h6 4.Bh4 c5 5.e3 cxd4 6.exd4 Qb6 7.Nc4 Qc6 8.Nf3 Be7
9.Bd3 d6 10.O-O Nbd7 11.Ne3 O-O 12.c4 Qc7 13.Rc1 Re8 14.Re1 b6 15.d5 e5 16.Nf5 Bf8
17.Bb1 g6 18.Bxf6 Nxf6 19.Ng3 Bg7 20.b3 Bg4 21.h3 Bd7 22.Nh2 Nh7 23.Ne2 Rf8
24.b4 f5 25.Qb3 Kh8 26.Red1 a5 27.c5 bxc5 28.bxc5 dxc5 29.d6 Qc6 30.Qe3 Rac8
31.Nf3 e4 32.Nh4 Rf6 33.Nf4 Nf8 34.Nd5 Rxd6 35.Ne7 Rxd1+ 36.Rxd1 Qa4 37.Rc1 Re8
38.Nexg6+ Nxg6 39.Nxg6+ Kh7 40.Qg3 Qd4 41.Nf4 Qd6 42.Ne2 Qxg3 43.Nxg3 Bd4
44.Rd1 Kg6 45.Ne2 Rb8 46.Bc2 Rb2 47.Nxd4 cxd4 48.Rxd4 Rxc2 49.Rd6+ Kg5 50.Rxd7 Rxa2
51.g3 a4 52.Ra7 a3 53.Ra6 h5 54.h4+ Kg4 55.Kg2 f4 56.Rg6+ Kf5 57.Rg5+ Kf6
58.gxf4 e3 59.Kf3 exf2 60.Kg2 Rb2  0-1

[Event "FSGM September"]
[Site "Budapest HUN"]
[Date "2004.09.10"]
[Round "7"]
[White "Nguyen Ngoc Truongson"]
[Black "Grafl,F"]
[Result "1/2-1/2"]
[WhiteElo "2466"]
[BlackElo "2411"]

1.d4 Nf6 2.Bg5 e6 3.e4 h6 4.Bxf6 Qxf6 5.Nc3 d6 6.g3 c6 7.Bg2 e5 8.Nge2 Bg4
9.f4 exf4 10.O-O g5 11.gxf4 gxf4 12.Qd3 Rg8 13.Rxf4 Qg5 14.Raf1 Rg7 15.Kh1 Nd7
16.Bh3 Be6 17.Rg1 Qe7 18.Rxg7 Bxg7 19.Qg3 Bf6 20.Bxe6 Qxe6 21.Qg8+ Nf8 22.d5 Qe7
23.Ng3 O-O-O 24.Qg4+ Nd7 25.Nf5 Qf8 26.dxc6 bxc6 27.e5 Bxe5 28.Rc4 Kb7 29.Rxc6 Kxc6
30.Qe4+ d5 31.Nxd5 Qc5 32.b4 Qf2 33.Nfe7+ Kd6 34.Nf5+  1/2-1/2

[Event "TCh-CRO"]
[Site "Rabac CRO"]
[Date "2004.09.12"]
[Round "8"]
[White "Doric,D"]
[Black "Horvath,P1"]
[Result "1/2-1/2"]
[WhiteElo "2300"]
[BlackElo "2503"]

1.d4 Nf6 2.Bg5 e6 3.Nd2 h6 4.Bh4 c5 5.e3 Be7 6.Bxf6 Bxf6 7.Ne4 cxd4 8.Nd6+ Kf8
9.Nxc8 Qxc8 10.exd4 Nc6 11.Nf3 Qc7 12.c3 g6 13.Bd3 Kg7 14.O-O Ne7 15.Re1 Nd5
16.Ne5 d6 17.Ng4 Bg5 18.Ne3 Nxe3 19.fxe3 e5 20.Qb3 Rhe8 21.Kh1 Re7 22.dxe5 Rxe5
23.e4 Rae8 24.Rf1 R8e7 25.Rf3 h5 26.Raf1 f6 27.c4 Qa5 28.a4 h4 29.Qc2 R5e6
30.b3 Qe5 31.Qf2 a6 32.Qc2 Rc7 33.Qf2 Rc5 34.Qa2 Qd4 35.Qb1 Rce5 36.Qc2 Qc5
37.Qb2 Re7 38.Qa1 Qb6 39.Qc3 R7e6 40.Qb2 Be3 41.Qc2 Bg5 42.Qb2 Qb4 43.Qc2 Re7
44.Qd1 Rc7 45.Qb1 Rc6 46.Qa2 Qc5 47.Qb2 Rb6 48.Qa2 Qd4 49.Qc2 a5 50.Qd1 Qc5
51.Bc2 Rc6 52.Bb1 Qb6 53.Qd3 Qd8 54.Qd4 Qe7 55.Qf2 Qe6  1/2-1/2

[Event "79th ch-ARG"]
[Site "Buenos Aires ARG"]
[Date "2004.09.24"]
[Round "1"]
[White "Soppe,G"]
[Black "Iregui,V"]
[Result "1-0"]
[WhiteElo "2409"]
[BlackElo "2114"]

1.d4 Nf6 2.Bg5 e6 3.e4 h6 4.Bxf6 gxf6 5.Nc3 c6 6.Qf3 d5 7.O-O-O Nd7 8.Nge2 Nb6
9.Nf4 Be7 10.Kb1 a5 11.g4 a4 12.a3 Ra5 13.Nh5 Rg8 14.h3 Rg5 15.Be2 Nd7 16.Qe3 Bf8
17.f4 Rg8 18.exd5 cxd5 19.Bb5 Rxb5 20.Nxb5 Qb6 21.Nc3 Bxa3 22.Nxa4  1-0

[Event "Monarch Assurance"]
[Site "Port Erin IOM"]
[Date "2004.09.25"]
[Round "1"]
[White "Walton,A"]
[Black "Henrichsen,J"]
[Result "1/2-1/2"]
[WhiteElo "2208"]
[BlackElo "2084"]

1.d4 Nf6 2.Bg5 e6 3.e4 h6 4.Bxf6 Qxf6 5.Nc3 Bb4 6.Qd2 d5 7.e5 Qd8 8.a3 Be7
9.Nf3 b6 10.Be2 c5 11.O-O Nc6 12.Rfe1 Bb7 13.Bf1 O-O 14.Ne2 Rc8 15.b3 Ba6
16.c3 Qc7 17.Qb2 Bd3 18.Ng3 Bxf1 19.Nxf1 Na5 20.Rec1 c4 21.bxc4 Nxc4 22.Qb3 Na5
23.Qc2 Qd7 24.Ne3 Rc7 25.g3 Rfc8 26.Qb2 Qa4 27.Nd2 Bf8 28.f4 g6 29.h4  1/2-1/2

[Event "TCh-BEL 2004-5"]
[Site "Belgium BEL"]
[Date "2004.09.26"]
[Round "2"]
[White "Eliet,N"]
[Black "Van Beers,E"]
[Result "1-0"]
[WhiteElo "2430"]
[BlackElo "2378"]

1.d4 Nf6 2.Bg5 e6 3.Nd2 h6 4.Bh4 c5 5.e3 Be7 6.c3 b6 7.Ngf3 O-O 8.Bd3 Bb7
9.O-O cxd4 10.cxd4 Nc6 11.a3 Nh5 12.Bg3 Nxg3 13.hxg3 d6 14.Qe2 Rc8 15.Rfd1 Rc7
16.g4 Qc8 17.Ne4 e5 18.dxe5 Nxe5 19.Nxe5 dxe5 20.Nc3 Qa8 21.f3 Rd8 22.Be4 Bxe4
23.Nxe4 Rcd7 24.Rxd7 Rxd7 25.Rc1 Qd5 26.Rc8+ Kh7 27.Qc2 g6 28.Qc3 f5 29.gxf5 gxf5
30.Ng3 Kg6 31.Kh2 Qe6 32.e4 fxe4 33.Qc2 Qd5 34.Nxe4 Kg7 35.Qf2 Bg5 36.Qg3 Kg6
37.Re8 Rf7 38.Qg4 Rf4 39.Qe6+ Qxe6 40.Rxe6+ Kf5 41.Rc6 Rxe4 42.fxe4+ Kxe4
43.Kg1 Kd3 44.Kf1 e4 45.Ke1 e3 46.Rc3+ Kd4 47.Ke2 b5 48.Rc7 a5 49.b3 Bf4
50.Rb7 Kc5 51.a4 bxa4 52.bxa4 Kc4 53.Rb5 Bc7 54.Kxe3 Bd8 55.Kd2 Kd4 56.Rb3 Be7
57.Kc2 Ke4 58.Rf3 Kd4 59.Kb3 Bd8 60.Rf7 Ke4 61.Kc4 Bg5 62.Kb5 Bd2 63.Ka6 Bc3
64.Rf3 Bd2 65.Kb5 Be1 66.Rf7 Bd2 67.Kb6 Bc3 68.Ka6 Bd2 69.Rh7 Kf5 70.Rd7 Bc3
71.Rd5+ Kf4 72.Rh5 Bg7 73.Rh3  1-0

[Event "Monarch Assurance"]
[Site "Port Erin IOM"]
[Date "2004.09.27"]
[Round "3"]
[White "Collier,D"]
[Black "Gottschlich,C"]
[Result "0-1"]
[WhiteElo "2168"]
[BlackElo "2382"]

1.d4 Nf6 2.Bg5 e6 3.Nd2 h6 4.Bh4 d5 5.e3 Nbd7 6.Ngf3 c6 7.Bd3 Bd6 8.c4 O-O
9.O-O e5 10.cxd5 cxd5 11.dxe5 Nxe5 12.Be2 Ng6 13.Bg3 Bc5 14.Qc2 Bb6 15.Rac1 Qe7
16.Bd3 Bg4 17.Bxg6 Rac8 18.Bxf7+ Qxf7 19.Qd3 Qh5 20.Nd4 Kh8 21.Rfe1 Bd7 22.b4 a6
23.N4f3 Bf5 24.Qb3 Be4 25.Qb2 Rxc1 26.Rxc1 Ng4 27.Nxe4 dxe4 28.Nd4 Qg6 29.h3 Nxe3
30.Ne2 Nf5 31.Qe5 Nxg3 32.Nxg3 Bxf2+ 33.Kh2 Be3 34.Rc3 Bf4 35.Qe7 Re8 36.Qh4 Qd6
37.Qh5 Re5 38.Rc8+ Kh7 39.Qe2 Bxg3+  0-1

[Event "Monarch Assurance"]
[Site "Port Erin IOM"]
[Date "2004.09.28"]
[Round "4"]
[White "Hutchinson,P"]
[Black "Adams,P"]
[Result "0-1"]
[WhiteElo "2216"]
[BlackElo "2124"]

1.d4 Nf6 2.Bg5 e6 3.e4 c5 4.Nd2 cxd4 5.Ngf3 d6 6.Nxd4 Be7 7.Be2 Nc6 8.Nxc6 bxc6
9.O-O O-O 10.Kh1 h6 11.Bh4 e5 12.Bg3 Be6 13.Bd3 Nd7 14.f4 exf4 15.Bxf4 Ne5
16.Bxe5 dxe5 17.Qe2 Qd7 18.Nc4 f6 19.Ne3 Bc5 20.Nf5 g6 21.Nh4 Kg7 22.b3 a5
23.a4 Bg4 24.Qe1 g5 25.Nf5+ Bxf5 26.exf5 Rfd8 27.Qe2 Bd4 28.Rad1 Qe8 29.Be4 Rab8
30.Bf3 Bb6 31.Bh5 Qe7 32.Qc4 Bc5 33.c3 e4 34.Rfe1 e3 35.Bf3 Qe5 36.Rxd8 Rxd8
37.Bxc6 Rd2 38.Bf3 Bd6 39.g3 Rxh2+  0-1

[Event "Tatry Open"]
[Site "Tatranske Zruby SVK"]
[Date "2004.09.28"]
[Round "5"]
[White "Bukacek,L"]
[Black "Holecko,R"]
[Result "1-0"]
[WhiteElo "2091"]
[BlackElo "2259"]

1.d4 Nf6 2.Bg5 e6 3.e4 h6 4.Bxf6 Qxf6 5.Qd2 c5 6.c3 cxd4 7.cxd4 Nc6 8.Nf3 Qg6
9.Nc3 Bb4 10.Qe3 O-O 11.Bd3 f5 12.O-O Bxc3 13.bxc3 fxe4 14.Bxe4 Qf6 15.Ne5 Nxe5
16.dxe5 Qf4 17.Qxf4 Rxf4 18.f3 Rb8 19.Rfd1 Rf8 20.Rd6 Kf7 21.a4 Ke7 22.a5 Kd8
23.Rb1 Kc7 24.Rb4 b5 25.Bd3 a6 26.Rg4 g5 27.h4 gxh4 28.Rxh4 Rg8 29.Rxh6 Rg5
30.f4 Rg4 31.Rd4 Bb7 32.Rg6 Rg8 33.Rxg8 Rxg8 34.Bf1 Rg3 35.Rd3  1-0

[Event "Tatry Open"]
[Site "Tatranske Zruby SVK"]
[Date "2004.09.30"]
[Round "7"]
[White "Bukacek,L"]
[Black "Kostelny,J"]
[Result "1-0"]
[WhiteElo "2091"]
[BlackElo "2284"]

1.d4 Nf6 2.Bg5 e6 3.e4 h6 4.Bxf6 Qxf6 5.Qd2 b6 6.g3 Bb7 7.Bg2 Qg6 8.Nc3 Be7
9.Nge2 Na6 10.f4 d6 11.a4 h5 12.O-O-O Qh6 13.h4 O-O 14.Rhg1 c5 15.f5 Qxd2+
16.Rxd2 cxd4 17.Nxd4 Nc7 18.Ndb5 Ne8 19.Nd4 e5 20.Nb3 Nf6 21.a5 Bc6 22.Bf3 b5
23.Re1 Rac8 24.Rdd1 a6 25.Nd2 g6 26.Re3 b4 27.Na2 gxf5 28.Nxb4 Bxe4 29.Bxe4 fxe4
30.Nxe4 Nxe4 31.Rxe4 f5 32.Re2 Rc4 33.Nd5 Bd8 34.Nb6 Rd4 35.Rxd4 exd4 36.Nd7  1-0

[Event "Premier League"]
[Site "Belgrade SCG"]
[Date "2004.10.03"]
[Round "9"]
[White "Zmijanac,D"]
[Black "Pjevovic,B"]
[Result "1/2-1/2"]
[WhiteElo "2236"]
[BlackElo "2249"]

1.d4 Nf6 2.Bg5 e6 3.e4 d6 4.Nc3 Be7 5.Nf3 Nbd7 6.e5 dxe5 7.dxe5 Nd5 8.Bd2 Nxc3
9.Bxc3 b6 10.Bb5 c5 11.Qe2 Qc7 12.a4 a6 13.Bd3 Bb7 14.O-O O-O 15.Rfe1 Rfd8
16.b3 Nb8 17.Rad1 Nc6 18.Qe4 g6 19.Qg4 Nb4 20.Bxb4 cxb4 21.Ng5 Bf8 22.f4 Rd4
23.Bxg6 hxg6 24.Qh4 Bc5 25.Qh7+ Kf8 26.Nxe6+ fxe6 27.Qxc7 Rxd1+ 28.Kf1 Bxg2+
29.Kxg2 Rxe1 30.a5 Re8 31.axb6 Re2+ 32.Kf3 Rxc2 33.b7 Rc3+ 34.Kg4 Ba7 35.Qh7 Bb8
36.Qxg6 Rc7 37.Qe4  1/2-1/2

[Event "36th Olympiad"]
[Site "Calvia ESP"]
[Date "2004.10.16"]
[Round "1"]
[White "Bibby,S"]
[Black "Lane,G"]
[Result "0-1"]
[WhiteElo "2229"]
[BlackElo "2442"]

1.d4 Nf6 2.Bg5 e6 3.e4 h6 4.Bxf6 Qxf6 5.c3 d6 6.Bd3 g6 7.Ne2 e5 8.O-O Bg7
9.f4 exd4 10.cxd4 Bg4 11.Bb5+ c6 12.e5 Qe7 13.Bd3 Nd7 14.Nbc3 dxe5 15.dxe5 Nc5
16.Bc2 Rd8 17.Qe1 Nd3 18.Bxd3 Rxd3 19.Qf2 Rd2 20.Rae1 O-O 21.h3 Bc8 22.Qxa7 Rxb2
23.Ne4 Qb4 24.N2c3 Bf5 25.a3 Qc4 26.Qc5 Qxc5+ 27.Nxc5 b6 28.N5e4 Ra8 29.Rb1 Rxb1
30.Rxb1 b5 31.g4 Bxe4 32.Nxe4 Rxa3 33.Rc1 Ra4 34.Nd6 Rxf4 35.Rxc6 b4 36.Rc8+ Kh7
37.e6 fxe6 38.Rc7 Kg8 39.Rb7 Bf8 40.Ne8 e5 41.Kg2 e4 42.Kg3 g5 43.Rb6 Kf7
44.Nc7 Rf6 45.Rb7 Bd6+ 46.Kg2 Bxc7 47.Rxc7+ Ke6 48.Rb7 Kd5 49.Rxb4 e3 50.Rb5+ Ke4
51.Rb8 Kd3 52.Rb3+ Kd2 53.Rb2+ Kc3 54.Ra2 Rf4 55.Ra3+ Kd4 56.Ra4+ Kd5 57.Ra3 e2
58.Ra5+ Kd4 59.Ra4+ Kc5 60.Ra5+ Kd6 61.Ra6+ Ke7 62.Ra7+ Ke6 63.Ra6+ Kd7 64.Ra7+ Ke6
65.Ra6+ Kd5 66.Ra5+ Kc4 67.Ra4+ Kb3 68.Ra1 Re4 69.Kf2 Kc3 70.Ke1 Re6 71.Ra3+ Kd4
72.Rb3 Ke4 73.Ra3 Kd4 74.Rb3 Re3 75.Rb4+ Kd3 76.Ra4 Rf3 77.Ra3+ Ke4 78.Ra4+ Ke3
79.Ra3+ Kf4 80.Ra4+ Kg3 81.Kxe2 Kg2 82.Rb4 Rxh3 83.Rb6 Kg3 84.Kf1 Kxg4 85.Rb4+ Kh5
86.Kg2 Ra3 87.Rc4 g4 88.Rc2 Kh4 89.Kh2 h5 90.Rb2 Rf3 91.Ra2 g3+ 92.Kg2 Kg4
93.Ra4+ Rf4 94.Ra8 Rf2+ 95.Kg1 Rb2 96.Rh8 h4 97.Rc8 Rb1+  0-1

[Event "36th Olympiad"]
[Site "Calvia ESP"]
[Date "2004.10.18"]
[Round "4"]
[White "Lebel Arias,J"]
[Black "Marcelle,J"]
[Result "1-0"]
[WhiteElo "1986"]
[BlackElo "1990"]

1.d4 Nf6 2.Bg5 e6 3.e4 Be7 4.Nc3 Nxe4 5.Bxe7 Nxc3 6.Bxd8 Nxd1 7.Bxc7 Nxb2
8.Bd6 Nc6 9.Nf3 Ne7 10.a4 Nf5 11.Bb4 d5 12.g4 Ne7 13.Bb5+ Bd7 14.Bxd7+ Kxd7
15.Ne5+ Ke8 16.Rb1 Nxa4 17.Bxe7 Kxe7 18.Rxb7+ Ke8 19.Rxf7 a5 20.O-O Nc3 21.Re1 a4
22.Rf3 Nb5 23.c3 Rf8 24.Rfe3 a3 25.Nc6 a2 26.Ra1 Kd7 27.Nb4 Ra3 28.Rxa2 Rfa8
29.Rc2 R8a4 30.Nd3 Ra1+ 31.Kg2 R4a3 32.Nc5+ Kc8 33.Nxe6 Ra7 34.c4 Na3 35.Rce2 Nxc4
36.Rf3 Nd6 37.Rf8+ Kd7 38.Nxg7 R7a4 39.Ne6 R4a2 40.Nc5+ Kc6 41.Re7 Rd1 42.Ne6 Ne4
43.Ref7 Raa1 44.Nd8+ Kb5 45.Rf5 Rg1+ 46.Kh3 Ra3+ 47.f3 Kc4 48.Ne6 Nf2+ 49.Kh4 Rg2
50.Rc8+ Kd3 51.Nf4+  1-0

[Event "36th Olympiad w"]
[Site "Calvia ESP"]
[Date "2004.10.19"]
[Round "5"]
[White "Ui Laighleis,G"]
[Black "Pasku,R"]
[Result "1/2-1/2"]
[WhiteElo "1996"]
[BlackElo "1971"]

1.d4 Nf6 2.Bg5 e6 3.Nd2 Be7 4.e3 O-O 5.Bd3 d5 6.Ngf3 h6 7.Bh4 c5 8.c3 Nc6
9.O-O a6 10.Re1 Kh8 11.Qe2 b5 12.Bxf6 Bxf6 13.dxc5 Qe7 14.Nb3 Bd7 15.e4 dxe4
16.Qxe4 g6 17.Qe3 Bg7 18.Be4 Rac8 19.Bd3 Rfd8 20.Rad1 Be8 21.Be2 e5 22.Rxd8 Rxd8
23.Rd1 Rxd1+ 24.Bxd1 f5 25.Be2 Bf7 26.Nfd2 Qc7 27.c4 b4 28.Qd3 Bf8 29.Qe3 a5
30.Nf3 Bg7 31.Qd2 e4 32.Ne1 a4 33.Nc1 Qe5 34.b3 Qxc5 35.bxa4 Bxc4 36.Nb3 Bxb3
37.axb3 Nd4 38.Bc4 g5 39.Qd1 f4 40.Qh5 Qe5 41.Qf7 Qb8 42.Qd5 e3 43.fxe3 fxe3
44.Qe4 Qf4 45.Qe8+ Bf8 46.Qf7 Qxf7 47.Bxf7 Kg7 48.Bc4 Bd6 49.Nf3 Nxf3+ 50.gxf3 Kf6
51.h3 Ke5 52.Kf1 Kf4  1/2-1/2

[Event "36th Olympiad"]
[Site "Calvia ESP"]
[Date "2004.10.20"]
[Round "6"]
[White "Corke,A"]
[Black "Sirias,D"]
[Result "1-0"]
[WhiteElo "2041"]
[BlackElo "2285"]

1.d4 Nf6 2.Bg5 e6 3.e4 h6 4.Bxf6 Qxf6 5.c3 d6 6.Bd3 Nc6 7.Ne2 d5 8.e5 Qe7
9.Nd2 Bd7 10.b4 g6 11.O-O Bg7 12.f4 O-O 13.g4 f5 14.Kh1 Qf7 15.gxf5 exf5
16.Qb3 Be6 17.Rg1 Ne7 18.Rg2 Kh8 19.Rag1 Rg8 20.Qd1 Qe8 21.Nf3 Bf7 22.Qe1 Qc6
23.Qh4 Qd7 24.Ng3 Raf8 25.Ng5 Be6 26.Nf1 Re8 27.Ne3 Rgf8 28.c4 c6 29.c5 Kg8
30.Nf3 Rf7 31.Qe1 Kh8 32.Nh4 g5 33.fxg5 f4 34.gxh6 Bxh6 35.Nc2 f3 36.Ng6+ Nxg6
37.Rxg6 Rh7 38.Qh4 Bh3 39.Qf6+ Bg7 40.Qxf3 Rf8 41.Qxf8+  1-0

[Event "36th Olympiad"]
[Site "Calvia ESP"]
[Date "2004.10.22"]
[Round "7"]
[White "Berend,F"]
[Black "Ateka,N"]
[Result "1-0"]
[WhiteElo "2378"]
[BlackElo "2138"]

1.d4 Nf6 2.Bg5 e6 3.Nf3 d5 4.e3 Be7 5.Nbd2 O-O 6.Bd3 h6 7.Bh4 Nbd7 8.c3 b6
9.O-O Bb7 10.Ne5 Nxe5 11.dxe5 Nd7 12.Bg3 Bh4 13.Bxh4 Qxh4 14.f4 Nc5 15.Bc2 Ne4
16.Nxe4 dxe4 17.Qc1 Rad8 18.Rf2 Qh5 19.a4 Rd7 20.h3 Rfd8 21.Kh2 a6 22.Qh1 Rd2
23.Qe1 R2d7 24.a5 b5 25.Re2 c5 26.Qf2 c4 27.g4 Qg6 28.Rg1 f6 29.exf6 Qxf6
30.g5 hxg5 31.Rxg5 Rd5 32.Qg3 Rxg5 33.fxg5 Qf3 34.Rf2 Qxg3+ 35.Kxg3 e5 36.h4 Kh7
37.h5 Rd7 38.Kg4 Rd8 39.Kh4 Bc6 40.b3 Kg8 41.g6 Rf8 42.Rxf8+ Kxf8 43.bxc4 bxc4
44.Kg5 Ke7 45.Kf5 Bd7+ 46.Kg5 Bc6 47.Bd1 Bd5 48.Bg4 Kd6 49.Bc8  1-0

[Event "36th Olympiad"]
[Site "Calvia ESP"]
[Date "2004.10.23"]
[Round "8"]
[White "Mateo,Ra"]
[Black "Dervishi,E"]
[Result "1/2-1/2"]
[WhiteElo "2453"]
[BlackElo "2502"]

1.d4 Nf6 2.Bg5 e6 3.e3 c5 4.c3 b6 5.Nf3 Bb7 6.Nbd2 Be7 7.Be2 cxd4 8.cxd4 O-O
9.O-O d5 10.Bxf6 Bxf6 11.Rc1 Nd7 12.Bb5 a6 13.Bc6 Bxc6 14.Rxc6 Rc8 15.Qc2 Rxc6
16.Qxc6 Qc8 17.Rc1 Qxc6 18.Rxc6 Rd8 19.g4 Kf8 20.e4 dxe4 21.Nxe4 Be7 22.Kf1 Ke8
23.Ke2 Rb8 24.Kd3 h6 25.h3 Kd8 26.a4 Rb7 27.b3 Nb8 28.Rc2 f6 29.Nfd2 Kd7
30.f4 Nc6 31.Ke3 Nb4 32.Rc1 Nd5+ 33.Kf3 g6 34.f5 gxf5 35.gxf5 exf5 36.Ng3 Bb4
37.Rc2 f4 38.Nh5 Ne3 39.Ra2 Rc7 40.Nxf6+ Ke6 41.Nde4 Nf5 42.d5+ Ke5 43.d6 Bxd6
44.Rd2 Be7 45.Nd7+ Ke6  1/2-1/2

[Event "TCh-BEL2 2004-5"]
[Site "Belgium BEL"]
[Date "2004.10.24"]
[Round "2"]
[White "Sadkowsky,D"]
[Black "Deleyn,G"]
[Result "1/2-1/2"]
[WhiteElo "2318"]
[BlackElo "2285"]

1.d4 Nf6 2.Bg5 e6 3.e4 h6 4.Bxf6 Qxf6 5.Nc3 d6 6.Nge2 g6 7.f4 Qe7 8.g3 Bg7
9.e5 d5 10.Bh3 c6 11.O-O h5 12.Kh1 b6 13.Ng1 Ba6 14.Re1 Bh6 15.Qd2 c5 16.Nf3 Nc6
17.Rad1 O-O 18.Qf2 Rac8 19.a3 Nxd4 20.Nxd4 cxd4 21.Rxd4 Rc4 22.Rxc4  1/2-1/2

[Event "36th Olympiad"]
[Site "Calvia ESP"]
[Date "2004.10.24"]
[Round "9"]
[White "Georgiev,Vl"]
[Black "Rojas,L"]
[Result "1-0"]
[WhiteElo "2512"]
[BlackElo "2385"]

1.d4 Nf6 2.Bg5 e6 3.Nd2 h6 4.Bxf6 Qxf6 5.c3 d6 6.Ngf3 Nc6 7.e3 g5 8.Bb5 Bd7
9.h3 Bg7 10.Qe2 O-O-O 11.a4 Qe7 12.a5 h5 13.a6 b6 14.Nb3 Nb8 15.Bxd7+ Rxd7
16.Qb5 g4 17.Nfd2 c6 18.Qd3 f5 19.c4 Rf8 20.hxg4 hxg4 21.Rh7 e5 22.Qc2 c5
23.d5 e4 24.Nc1 f4 25.Ne2 g3 26.Nxf4 Rxf4 27.exf4 e3 28.Ne4 Bc3+ 29.bxc3 exf2+
30.Ke2 Qxh7 31.Nxd6+ Kd8 32.Qxh7 Rxh7 33.Ne4 Re7 34.Kf3 Nd7 35.Rf1 Nf6 36.Nxg3 b5
37.d6 Re6 38.cxb5 Rxd6 39.Kxf2 Rd2+ 40.Kg1 Rd3 41.b6 Rd6 42.Rb1  1-0

[Event "36th Olympiad"]
[Site "Calvia ESP"]
[Date "2004.10.25"]
[Round "10"]
[White "Wang Puchen"]
[Black "Castellanos,R"]
[Result "0-1"]
[WhiteElo "2236"]
[BlackElo "2449"]

1.d4 Nf6 2.Bg5 e6 3.e4 h6 4.Bxf6 Qxf6 5.Nc3 Bb4 6.Qd2 d5 7.e5 Qd8 8.f4 c5
9.a3 Ba5 10.Nf3 Nc6 11.Bb5 cxd4 12.Nxd4 Bd7 13.Bxc6 Bxc6 14.O-O g6 15.Kh1 Rc8
16.b4 Bb6 17.Ncb5 Bxb5 18.Nxb5 O-O 19.Nd6 Rc6 20.c3 Qe7 21.Rac1 Rb8 22.c4 dxc4
23.Nxc4 Bc7 24.Nd6 Bxd6 25.Rxc6 Bxb4 26.Rxe6 Qxe6 27.axb4 Rc8 28.Rd1 Rc4
29.f5 Qxf5 30.Qxh6 Rd4 31.Qc1 Rxd1+ 32.Qxd1 Qxe5 33.h3 Kg7 34.Qa4 Qd4 35.Qb5 b6
36.g4 a5 37.bxa5 Qa1+ 38.Kg2 bxa5 39.h4 a4 40.h5 a3 41.Qe8 a2 42.hxg6 Qb2+
43.Kg3 Qb3+ 44.Kh4 a1=Q  0-1

[Event "36th Olympiad"]
[Site "Calvia ESP"]
[Date "2004.10.27"]
[Round "12"]
[White "Cueto,J BOL"]
[Black "Aderito,P"]
[Result "1/2-1/2"]
[WhiteElo "2306"]
[BlackElo "2262"]

1.d4 Nf6 2.Bg5 e6 3.Nf3 h6 4.Bh4 c5 5.e3 Qb6 6.Qc1 cxd4 7.exd4 g5 8.Bg3 Nc6
9.c3 Nh5 10.Nbd2 Nxg3 11.hxg3 Bg7 12.Nc4 Qc7 13.Qe3 Ne7 14.Bd3 f6 15.Qe2 b6
16.Nfd2 d5 17.Ne3 f5 18.g4 f4 19.Nc2 O-O 20.Nf3 Nc6 21.O-O-O e5 22.Nxe5 Nxe5
23.dxe5 Re8 24.e6 Bxe6 25.Bg6 Re7 26.Qd3 Rd8 27.Bh7+ Kh8 28.Bf5 Bf7 29.Nd4 Qc5
30.Kb1 b5 31.Bg6 Be6 32.Nxe6 Rxe6 33.Qf5 Qe7 34.Qf7 b4 35.Qxe7 Rxe7 36.Rhe1 Rxe1
37.Rxe1 bxc3 38.bxc3 Bxc3 39.Re8+ Rxe8 40.Bxe8 f3 41.gxf3 Be1 42.Kc2 Bxf2
43.Bc6 d4 44.Kd3 Kg7 45.Ke4 Kf6 46.Bd5 Be3 47.Bc4 Ke7 48.Kd5 Kd7 49.Bd3 Kc7
50.Kc5 Bg1 51.Kd5 Kb6 52.Kd6 Ka5 53.Kd5 Kb4 54.Ke4  1/2-1/2

[Event "36th Olympiad"]
[Site "Calvia ESP"]
[Date "2004.10.28"]
[Round "13"]
[White "Winants,L"]
[Black "Beliavsky,A"]
[Result "1/2-1/2"]
[WhiteElo "2519"]
[BlackElo "2660"]

1.d4 Nf6 2.Bg5 e6 3.e3 c5 4.Nf3 b6 5.d5 h6 6.Bxf6 Qxf6 7.Nc3 Bb7 8.e4 a6
9.e5 Qd8 10.a4 exd5 11.Nxd5 Nc6 12.Bc4 Na5 13.Ba2 c4 14.O-O Rc8 15.Re1 Bc5
16.Qd2 O-O 17.Re4 Bxd5 18.Qxd5 b5 19.axb5 axb5 20.Rd1 Qb6 21.Re2 Nc6 22.c3 Ne7
23.Qe4 Rfd8 24.Bb1 Ng6 25.Red2 d5 26.exd6  1/2-1/2

[Event "36th Olympiad"]
[Site "Calvia ESP"]
[Date "2004.10.28"]
[Round "13"]
[White "Georgiev,Vl"]
[Black "Palo,D"]
[Result "1-0"]
[WhiteElo "2512"]
[BlackElo "2526"]

1.d4 Nf6 2.Bg5 e6 3.Nd2 h6 4.Bh4 c5 5.e3 cxd4 6.exd4 Be7 7.Ngf3 b6 8.Bd3 Bb7
9.Bxf6 Bxf6 10.Qe2 d5 11.c3 Nd7 12.a4 Qc7 13.O-O O-O 14.Rfe1 g6 15.Ne5 Nxe5
16.dxe5 Bg7 17.Nf3 Bc6 18.Nd4 Bd7 19.f4 Qc5 20.Kh1 Rac8 21.Qg4 Qe7 22.Re3 Rc5
23.Qe2 Ra8 24.g4 Re8 25.Re1 Bxa4 26.f5 Qg5 27.f6 Bf8 28.Qf2 Rc4 29.h4 Qxg4
30.Rg1 Rxd4 31.cxd4 Qxd4 32.Rxg6+ fxg6 33.f7+ Kh7 34.Bxg6+  1-0

[Event "Corsica Masters"]
[Site "Bastia FRA"]
[Date "2004.10.30"]
[Round "5"]
[White "Voloshin,L"]
[Black "Glek,I"]
[Result "1/2-1/2"]
[WhiteElo "2479"]
[BlackElo "2580"]

1.d4 Nf6 2.Bg5 e6 3.e4 h6 4.Bxf6 Qxf6 5.c3 d6 6.Bd3 e5 7.Ne2 g6 8.O-O Bg7
9.f4 Qe7 10.Nd2 O-O 11.Qc2 Bg4 12.dxe5 dxe5 13.f5 Nd7 14.h3 Bxe2 15.Bxe2 Rad8
16.b4 Kh7 17.Rad1 Qg5 18.Nc4 Nf6 19.fxg6+ fxg6 20.a4 c6 21.Kh1 Rxd1 22.Rxd1 h5
23.Bf3 Qg3 24.Ne3 Bh6 25.Nf1 Qh4 26.Qe2 g5 27.Qe1 Qxe1 28.Rxe1 g4 29.hxg4 hxg4
30.Bd1  1/2-1/2

[Event "4th Rohde Open"]
[Site "Sautron FRA"]
[Date "2004.10.30"]
[Round "8"]
[White "Paci,C"]
[Black "Bojkov,D"]
[Result "0-1"]
[WhiteElo "2254"]
[BlackElo "2475"]

1.d4 Nf6 2.Bg5 e6 3.e4 h6 4.Bxf6 Qxf6 5.c3 d6 6.Bd3 e5 7.Ne2 Qd8 8.O-O Be7
9.f4 O-O 10.Nd2 Bf6 11.Nf3 Nd7 12.Qe1 c6 13.Kh1 Re8 14.Rd1 Qe7 15.dxe5 dxe5
16.f5 b6 17.Ng3 Nc5 18.Bc2 a5 19.Nh5 a4 20.h4 Ba6 21.Rg1 Rad8 22.Rxd8 Rxd8
23.g4 g5 24.fxg6 fxg6 25.g5 hxg5 26.hxg5 Bg7 27.Nf6+ Kf7 28.Qg3 Rh8+ 29.Kg2 Bxf6
30.gxf6 Qxf6 31.Nxe5+ Kg7 32.Rd1 Rh5 33.Nf3 Be2 34.Rd6 Bxf3+ 35.Kf2 Qf7 36.Qxf3 Rh2+  0-1

[Event "WYg14"]
[Site "Heraklio GRE"]
[Date "2004.11.06"]
[Round "4"]
[White "Corke,A"]
[Black "Ostroverkhova,E"]
[Result "1-0"]
[WhiteElo "2041"]
[BlackElo "2124"]

1.d4 Nf6 2.Bg5 e6 3.e4 d6 4.Nd2 Be7 5.Bd3 Nbd7 6.Ne2 c5 7.c3 h6 8.Bh4 a6
9.O-O O-O 10.f4 cxd4 11.cxd4 b5 12.Nc3 Bb7 13.Qe2 e5 14.Bxf6 Bxf6 15.fxe5 dxe5
16.d5 Be7 17.Qg4 Nf6 18.Qf3 Bc5+ 19.Kh1 Rc8 20.Nb3 Bd6 21.Rac1 Qe7 22.h3 Nd7
23.Qe3 Nc5 24.Nxc5 Bxc5 25.Qd2 Rc7 26.Rc2 Qd7 27.Rfc1 Be7 28.Qe2 Bg5 29.Rf1 Rfc8
30.a3 Qd6 31.Kh2 Rf8 32.Qe1 f5 33.Bxb5 Qe7 34.Bd3 f4 35.Rf3 Bh4 36.Qe2 Bg3+
37.Kh1 g5 38.Rf1 Qf6 39.Qh5 Bc8 40.Be2 Bd7 41.Rd1 Be8 42.Qg4 Bd7 43.Qh5 Be8
44.Qf3 Rg7 45.d6 g4 46.Qxg4 Rxg4 47.Bxg4 h5 48.d7 Bf7 49.Bf5 Bb3 50.Nd5 Qg5
51.Rc8 Bxd1 52.Nc7 f3 53.Rxf8+ Kxf8 54.Ne6+ Ke7 55.d8=Q+ Kf7 56.Qf8+  1-0